| 000 | 01082cam a2200229 a 4500 | ||
|---|---|---|---|
| 040 | _cDLC | ||
| 082 | 0 | 0 | _a650 LOG 1992 C156 Or. |
| 245 | 0 | 0 |
_a1-2-3 for Windows release 1.0 database and graphics : _binstructor's manual. |
| 260 |
_aRochester, NY (595 Blossom Rd., Rochester 14610) : _bLogical Operations, _cc1992. |
||
| 300 |
_a1 v. (various pagings) : _bill. ; _c30 cm. + _e1 computer disk (3 1/2 in.) |
||
| 500 | _aSystem requirements for computer disk: IBM-compatible PC with 80286 or higher microprocessor; 2MB RAM; Microsoft Windows 3.0; 1-2-3 for Windows release 1.0; EGA, VGA, or IBM 8514 monitor; mouse; hard disk; printer recommended. | ||
| 500 | _a"42-222-IN." | ||
| 500 | _a"For course number: 42-222. For course edition: 1.0. For software version: 1.0"--T.p. verso. | ||
| 500 | _a"Getting started" (20 p. : ill. ; 21 cm.) inserted. | ||
| 500 | _aIncludes index. | ||
| 650 | 0 | _aBusiness | |
| 650 | 0 | _aElectronic spreadsheets. | |
| 650 | 0 | _aDatabase management | |
| 650 | 0 | _aPresentation graphics software. | |
| 710 | 2 | _aLogical Operations Inc. | |
| 942 | _cAEDBB | ||
| 999 |
_c18960 _d18960 |
||